000 00739nam a2200229 a 4500
005 20221116063523.0
008 050426s1998 000 eng d
020 _a2090333278
035 _aUPN01000138561
049 _aCG
050 4 _aP95.3
_bC6.2
100 1 _aCornaire, Claudette
245 1 3 _aLa compréhension orale /
_cClaudette Cornaire.
260 _aFrance :
_bCLE International,
_c1998.
300 _a221 p. :
_bcuadros
440 0 _aDidactique des langues étrangères
590 _a(También localizas un ejemplar en el "Area de Reserva")
590 _aBibliografía Básica (BGTQ)
650 4 _aCOMUNICACION ORAL -
_xESTUDIO Y ENSEÑANZA
_96702
650 4 _aAdquisición de segundo lenguaje
_9215
905 _aLibro
999 _c110709
_d110709